[Event "Quebec op"]
[Site "Montreal CAN"]
[Date "2013.07.26"]
[Round "7"]
[White "Hambleton, Aman"]
[Black "Sulskis, Sarunas"]
[Result "1/2-1/2"]
[WhiteElo "2480"]
[BlackElo "2559"]
[PlyCount "206"]
[GameId "2160767909297008"]
[EventDate "2013.07.21"]
[EventType "swiss"]
[EventRounds "9"]
[EventCountry "CAN"]
[SourceTitle "EXT 2014"]
[Source "ChessBase"]
[SourceDate "2013.11.20"]
[SourceVersion "1"]
[SourceVersionDate "2013.11.20"]
[SourceQuality "1"]

1. d4 d5 2. c4 c6 3. Nf3 Nf6 4. e3 Bg4 5. h3 Bh5 6. Nc3 e6 7. g4 Bg6 8. Ne5 Nbd7 9. Nxg6 hxg6 10. a3 Bd6 11. Qf3 O-O 12. Bd2 e5 13. O-O-O dxc4 14. g5 Nd5 15. Bxc4 exd4 16. exd4 Nxc3 17. Qxc3 b5 18. Ba2 b4 19. Qd3 bxa3 20. h4 Qb6 21. Bc3 Bb4 22. Bxb4 Qxb4 23. bxa3 Qa5 24. h5 Qxg5+ 25. Kc2 gxh5 26. Rdg1 Qf4 27. Rxh5 Qxf2+ 28. Kc3 Rfb8 29. Qh7+ Kf8 30. Qxg7+ Ke7 31. Qxf7+ Qxf7 32. Re1+ Kd6 33. Bxf7 Rh8 34. Re6+ Kc7 35. Rhh6 Rxh6 36. Rxh6 Rf8 37. Bc4 Rf3+ 38. Bd3 Nf6 39. Kc4 Kb6 40. Rh1 Nd5 41. Rc1 Re3 42. Rb1+ Ka5 43. Rb7 a6 44. Rh7 Nf4 45. Bf5 Rxa3 46. Be4 Ra4+ 47. Kc5 Ne6+ 48. Kxc6 Nxd4+ 49. Kd5 Nb5 50. Ke5 Rd4 51. Bb7 Rd6 52. Rh1 Kb6 53. Bxa6 Kxa6 54. Rb1 Rd8 55. Rc1 Kb6 56. Ke6 Rd3 57. Rc4 Nd6 58. Rc1 Ne4 59. Ke5 Nc3 60. Ra1 Kc5 61. Ra5+ Nb5 62. Ke4 Rd8 63. Ke5 Re8+ 64. Kf5 Kc4 65. Kf6 Re1 66. Ra4+ Kd5 67. Ra5 Rb1 68. Ra2 Nd4 69. Ra5+ Kd6 70. Ra6+ Nc6 71. Kf5 Kd5 72. Kf4 Rb4+ 73. Kf5 Kd6 74. Kg5 Re4 75. Kf5 Rc4 76. Ra1 Ne7+ 77. Kg5 Re4 78. Ra6+ Ke5 79. Ra5+ Nd5 80. Ra8 Nc7 81. Ra5+ Ke6 82. Ra7 Nb5 83. Ra5 Nd6 84. Ra6 Rc4 85. Kh5 Rf4 86. Kg5 Rd4 87. Rc6 Ra4 88. Kh5 Ke5 89. Kg5 Nf7+ 90. Kg6 Kd5 91. Rc1 Rf4 92. Ra1 Ke6 93. Ra6+ Nd6 94. Kg5 Rd4 95. Rc6 Ra4 96. Kh5 Ke5 97. Kg5 Nf7+ 98. Kg6 Nd8 99. Rc1 Rg4+ 100. Kh5 Rg2 101. Re1+ Kf6 102. Rf1+ Kg7 103. Kh4 Ne6 1/2-1/2

[Event "Quebec op"]
[Site "Montreal CAN"]
[Date "2013.07.26"]
[Round "7"]
[White "Perez Garcia, Rodney Oscar"]
[Black "Ostrovskiy, Aleksandr"]
[Result "1/2-1/2"]
[WhiteElo "2364"]
[BlackElo "2403"]
[PlyCount "64"]
[GameId "2160767909297010"]
[EventDate "2013.07.21"]
[EventType "swiss"]
[EventRounds "9"]
[EventCountry "CAN"]
[SourceTitle "EXT 2014"]
[Source "ChessBase"]
[SourceDate "2013.11.20"]
[SourceVersion "1"]
[SourceVersionDate "2013.11.20"]
[SourceQuality "1"]

1. e4 e6 2. d4 d5 3. Nd2 Nf6 4. Bd3 c5 5. exd5 exd5 6. dxc5 Bxc5 7. Ngf3 O-O 8. O-O Bg4 9. h3 Bh5 10. Nb3 Bb6 11. Re1 Nc6 12. Bf4 Re8 13. Rxe8+ Qxe8 14. Qe2 Qd7 15. Ne5 Nxe5 16. Qxe5 Re8 17. Qg5 Bg6 18. Be3 h6 19. Qf4 Bxe3 20. fxe3 Bxd3 21. cxd3 Qe6 22. Re1 Qa6 23. Nc1 Qa5 24. Qf2 Re6 25. a3 Qb5 26. Qd2 Nd7 27. Ne2 Rb6 28. b4 Ne5 29. Nf4 g5 30. Qc3 Nf3+ 31. gxf3 gxf4 32. exf4 Rg6+ 1/2-1/2

[Event "Quebec op"]
[Site "Montreal CAN"]
[Date "2013.07.26"]
[Round "7"]
[White "Sambuev, Bator"]
[Black "Piasetski, Leon"]
[Result "1-0"]
[WhiteElo "2530"]
[BlackElo "2279"]
[PlyCount "59"]
[GameId "2160767909297012"]
[EventDate "2013.07.21"]
[EventType "swiss"]
[EventRounds "9"]
[EventCountry "CAN"]
[SourceTitle "EXT 2014"]
[Source "ChessBase"]
[SourceDate "2013.11.20"]
[SourceVersion "1"]
[SourceVersionDate "2013.11.20"]
[SourceQuality "1"]

1. d4 Nf6 2. c4 e6 3. Nc3 Bb4 4. Qc2 d5 5. cxd5 exd5 6. Bg5 c6 7. e3 Nbd7 8. Bd3 Nf8 9. Nge2 Ne6 10. Bh4 Be7 11. O-O g6 12. a3 Ng7 13. f3 Nfh5 14. Bf2 f5 15. e4 dxe4 16. fxe4 O-O 17. d5 fxe4 18. Bxe4 Rxf2 19. Kxf2 Qb6+ 20. Ke1 Bf5 21. Rd1 Rf8 22. d6 Bf6 23. d7 Qc7 24. Bxf5 Nxf5 25. Ne4 Be7 26. Qb3+ Kg7 27. Qc3+ Kg8 28. g4 Bh4+ 29. N2g3 Nhxg3 30. hxg3 1-0

[Event "Quebec op"]
[Site "Montreal CAN"]
[Date "2013.07.26"]
[Round "7"]
[White "Vera, Reynaldo"]
[Black "Shetty, Atulya"]
[Result "1/2-1/2"]
[WhiteElo "2462"]
[BlackElo "2314"]
[PlyCount "127"]
[GameId "2160767909297014"]
[EventDate "2013.07.21"]
[EventType "swiss"]
[EventRounds "9"]
[EventCountry "CAN"]
[SourceTitle "EXT 2014"]
[Source "ChessBase"]
[SourceDate "2013.11.20"]
[SourceVersion "1"]
[SourceVersionDate "2013.11.20"]
[SourceQuality "1"]

1. d4 d5 2. c4 c6 3. Nc3 Nf6 4. e3 a6 5. Qc2 e6 6. Nf3 c5 7. dxc5 Bxc5 8. a3 dxc4 9. Bxc4 b5 10. Bd3 Nbd7 11. b4 Be7 12. Bb2 Bb7 13. e4 Rc8 14. O-O Ng4 15. Rac1 Nge5 16. Nxe5 Nxe5 17. Rfd1 Qb6 18. Qe2 Bf6 19. Nd5 exd5 20. exd5 Rxc1 21. Rxc1 Qd6 22. f4 Qxd5 23. Bxe5 O-O 24. Bxf6 gxf6 25. Rd1 Qd4+ 26. Qf2 Qxf2+ 27. Kxf2 Rc8 28. Bf5 Rc4 29. g3 Rc3 30. Rd7 Bh1 31. Rd1 Bb7 32. Rd7 Bh1 33. Rd3 Rc2+ 34. Kg1 Rc1+ 35. Kf2 Rc2+ 36. Kf1 Ra2 37. Bc8 Be4 38. Rc3 Bd5 39. Bxa6 Bc4+ 40. Ke1 Rxh2 41. a4 Rb2 42. Bxb5 Bxb5 43. axb5 Rxb4 44. Rc5 Rb2 45. Kd1 Kf8 46. Kc1 Rb4 47. Kc2 Ke7 48. Kc3 Rb1 49. Kc4 Ke6 50. g4 Rc1+ 51. Kb4 Rb1+ 52. Ka5 Ra1+ 53. Kb6 Ra4 54. Kc6 Rxf4 55. b6 Rxg4 56. b7 Rg8 57. Kc7 f5 58. Rc1 f4 59. Rd1 f5 60. Rd6+ Ke5 61. Rd8 Rg7+ 62. Rd7 Rg8 63. Rd8 Rg7+ 64. Rd7 1/2-1/2

[Event "Quebec op"]
[Site "Montreal CAN"]
[Date "2013.07.27"]
[Round "8"]
[White "Gerzhoy, Leonid"]
[Black "Sulskis, Sarunas"]
[Result "1/2-1/2"]
[WhiteElo "2462"]
[BlackElo "2559"]
[PlyCount "157"]
[GameId "2160767909305208"]
[EventDate "2013.07.21"]
[EventType "swiss"]
[EventRounds "9"]
[EventCountry "CAN"]
[SourceTitle "EXT 2014"]
[Source "ChessBase"]
[SourceDate "2013.11.20"]
[SourceVersion "1"]
[SourceVersionDate "2013.11.20"]
[SourceQuality "1"]

1. d4 Nf6 2. Nf3 e6 3. e3 b6 4. Bd3 Bb7 5. O-O Be7 6. c4 d5 7. b3 O-O 8. Bb2 c5 9. Nc3 cxd4 10. exd4 Nc6 11. Rc1 Rc8 12. Re1 Re8 13. cxd5 Nxd5 14. Nxd5 exd5 15. a3 g6 16. b4 Bf6 17. Qd2 Qd6 18. Qh6 Bg7 19. Qh4 Qf6 20. Qh3 Qd6 21. Bb5 Rxe1+ 22. Rxe1 Rd8 23. Qg3 Qxg3 24. hxg3 Kf8 25. Ne5 Nb8 26. f4 Rc8 27. Bd3 f6 28. Nf3 Nc6 29. g4 Re8 30. Rxe8+ Kxe8 31. Kf2 Ne7 32. g5 Bc8 33. gxf6 Bxf6 34. Ne5 Bf5 35. Be2 h5 36. a4 Kd8 37. a5 Kc7 38. a6 h4 39. b5 Be4 40. Bf3 Bxe5 41. fxe5 Bxf3 42. Kxf3 Nf5 43. Kg4 Kd7 44. Kg5 Ke6 45. Kxg6 Ne3 46. Kg5 Nxg2 47. Kg4 Kf7 48. Bc1 Ne1 49. Ba3 Nc2 50. Bc5 Ne3+ 51. Kxh4 Nc4 52. Bb4 Ke6 53. Kg5 Kf7 54. Kh6 Ne3 55. Kh7 Nc4 56. Kh8 Ne3 57. Bd6 Ke6 58. Bb8 Nc2 59. Bxa7 Nxd4 60. Bxb6 Nxb5 61. Bd4 Kf7 62. a7 Nc7 63. Kh7 Na8 64. Kh6 Nc7 65. Kg5 Ke6 66. Kf4 Na8 67. Ke3 Kd7 68. Kd3 Kc6 69. Kc3 Nc7 70. Kb4 Kb7 71. Kc5 Kxa7 72. Kc6+ Kb8 73. Kd7 Kb7 74. Bc5 Na6 75. Bd6 d4 76. e6 d3 77. e7 d2 78. e8=Q d1=Q 79. Qe4+ 1/2-1/2

[Event "Quebec op"]
[Site "Montreal CAN"]
[Date "2013.07.27"]
[Round "8"]
[White "Moradiabadi, Elshan"]
[Black "Hambleton, Aman"]
[Result "1-0"]
[WhiteElo "2551"]
[BlackElo "2480"]
[PlyCount "143"]
[GameId "2160767909305212"]
[EventDate "2013.07.21"]
[EventType "swiss"]
[EventRounds "9"]
[EventCountry "CAN"]
[SourceTitle "EXT 2014"]
[Source "ChessBase"]
[SourceDate "2013.11.20"]
[SourceVersion "1"]
[SourceVersionDate "2013.11.20"]
[SourceQuality "1"]

1. c4 c5 2. g3 Nf6 3. Bg2 e6 4. Nf3 Be7 5. Nc3 a6 6. O-O O-O 7. b3 Qc7 8. Bb2 b6 9. d4 cxd4 10. Qxd4 Bb7 11. Rfd1 d6 12. Rac1 Nbd7 13. e4 Rac8 14. h3 Rfe8 15. Nd2 Qb8 16. Nf1 Bf8 17. Ne3 h5 18. Re1 Bc6 19. b4 b5 20. a3 Qb7 21. Ncd5 Qa8 22. cxb5 axb5 23. Nxf6+ Nxf6 24. e5 dxe5 25. Qxe5 Bxg2 26. Nxg2 Qd5 27. Qe2 Qf5 28. Ne3 Qxh3 29. Bxf6 gxf6 30. Qxb5 Bh6 31. Qf1 Qxf1+ 32. Kxf1 Ra8 33. Rc3 f5 34. Ke2 Bg7 35. Rb3 Rec8 36. Rh1 Ra6 37. b5 Ra5 38. Rd1 Bf8 39. Ra1 Ra4 40. b6 Rb8 41. b7 Ra7 42. Rab1 Bxa3 43. Nc4 Bc5 44. Ne5 Ra2+ 45. R1b2 Rxb2+ 46. Rxb2 Bd4 47. Nc6 Bxb2 48. Nxb8 Be5 49. Nd7 Bc7 50. Ke3 Kg7 51. b8=Q Bxb8 52. Nxb8 Kg6 53. Nc6 f6 54. Kf3 e5 55. Nd8 Kg5 56. Ne6+ Kg6 57. Kg2 f4 58. gxf4 Kf5 59. Ng7+ Kxf4 60. Nxh5+ Kg5 61. Ng3 f5 62. Kf3 Kg6 63. Nf1 Kf6 64. Nd2 Kg5 65. Nc4 Kf6 66. Ke3 Ke6 67. Kd3 Kd5 68. Ne3+ Ke6 69. Kc4 f4 70. Nc2 Kf5 71. Kd5 Kg4 72. Ke4 1-0

[Event "Quebec op"]
[Site "Montreal CAN"]
[Date "2013.07.27"]
[Round "8"]
[White "Ostrovskiy, Aleksandr"]
[Black "Perez Rodriguez, Luis Manuel"]
[Result "1/2-1/2"]
[WhiteElo "2403"]
[BlackElo "2427"]
[PlyCount "65"]
[GameId "2160767909305213"]
[EventDate "2013.07.21"]
[EventType "swiss"]
[EventRounds "9"]
[EventCountry "CAN"]
[SourceTitle "EXT 2014"]
[Source "ChessBase"]
[SourceDate "2013.11.20"]
[SourceVersion "1"]
[SourceVersionDate "2013.11.20"]
[SourceQuality "1"]

1. d4 d5 2. c4 c6 3. cxd5 cxd5 4. Bf4 Nc6 5. e3 Nf6 6. Nc3 a6 7. Bd3 Bg4 8. Nge2 e6 9. Rc1 Bd6 10. f3 Bh5 11. O-O O-O 12. Bxd6 Qxd6 13. Nf4 Bg6 14. Rf2 Bxd3 15. Nxd3 Nd7 16. Rfc2 Nb4 17. Nxb4 Qxb4 18. b3 Nb6 19. Ne2 Rac8 20. Nf4 Rxc2 21. Qxc2 g6 22. Nd3 Qa3 23. Qd2 Rc8 24. Rc5 Kg7 25. Kf1 h5 26. Qc2 Rd8 27. Rc7 Rd7 28. Rc5 Re7 29. f4 Nd7 30. Rc7 Nf6 31. Rxe7 Qxe7 32. Qc5 Qd8 33. Nf2 1/2-1/2

[Event "Quebec op"]
[Site "Montreal CAN"]
[Date "2013.07.27"]
[Round "8"]
[White "Piasetski, Leon"]
[Black "Berube, Antoine"]
[Result "1/2-1/2"]
[WhiteElo "2279"]
[BlackElo "2174"]
[PlyCount "92"]
[GameId "2160767909305214"]
[EventDate "2013.07.21"]
[EventType "swiss"]
[EventRounds "9"]
[EventCountry "CAN"]
[SourceTitle "EXT 2014"]
[Source "ChessBase"]
[SourceDate "2013.11.20"]
[SourceVersion "1"]
[SourceVersionDate "2013.11.20"]
[SourceQuality "1"]

1. Nf3 d5 2. d4 Nf6 3. c4 c6 4. Qc2 dxc4 5. Qxc4 Bf5 6. g3 e6 7. Bg2 Be7 8. O-O O-O 9. Nbd2 Nbd7 10. Re1 Ne4 11. Qb3 Qb6 12. Nc4 Qxb3 13. axb3 Bb4 14. Rd1 h6 15. Be3 Nb6 16. Nfd2 Nf6 17. f3 Rfd8 18. Rdc1 Bh7 19. Bf2 Nxc4 20. Nxc4 Nd7 21. e4 Kf8 22. Be3 Ke7 23. Kf2 f6 24. Ke2 Bg8 25. Ra4 a5 26. Raa1 e5 27. dxe5 Bxc4+ 28. bxc4 Nxe5 29. c5 g5 30. Bh3 h5 31. f4 gxf4 32. gxf4 Ng4 33. Bxg4 hxg4 34. f5 Rh8 35. Bf4 Kf7 36. Rd1 Rad8 37. Bc7 Rxd1 38. Rxd1 Bxc5 39. Rd7+ Kg8 40. Rd8+ Kg7 41. Rd7+ Kg8 42. Bf4 b5 43. Rc7 Bd4 44. Rc8+ Kg7 45. Rc7+ Kg8 46. Rc8+ Kg7 1/2-1/2

[Event "Quebec op"]
[Site "Montreal CAN"]
[Date "2013.07.27"]
[Round "8"]
[White "Rozentalis, Eduardas"]
[Black "Bruzon Batista, Lazaro"]
[Result "1/2-1/2"]
[WhiteElo "2619"]
[BlackElo "2691"]
[PlyCount "61"]
[GameId "2160767909305215"]
[EventDate "2013.07.21"]
[EventType "swiss"]
[EventRounds "9"]
[EventCountry "CAN"]
[SourceTitle "EXT 2014"]
[Source "ChessBase"]
[SourceDate "2013.11.20"]
[SourceVersion "1"]
[SourceVersionDate "2013.11.20"]
[SourceQuality "1"]

1. e4 e5 2. Nf3 Nc6 3. Bb5 Nf6 4. O-O Nxe4 5. Re1 Nd6 6. Nxe5 Be7 7. Bf1 Nxe5 8. Rxe5 O-O 9. d4 Bf6 10. Re1 Re8 11. c3 Rxe1 12. Qxe1 Ne8 13. Bf4 d5 14. Bd3 g6 15. Nd2 Ng7 16. Qe2 c6 17. Be5 Bxe5 18. Qxe5 Bf5 19. Bxf5 Nxf5 20. Re1 Qd6 21. Nb3 Qxe5 22. Rxe5 f6 23. Re2 Kf7 24. Nc5 Nd6 25. f3 Re8 26. Rxe8 Kxe8 27. Kf2 b6 28. Nd3 Kd7 29. g4 g5 30. Ke3 h6 31. f4 1/2-1/2

[Event "Quebec op"]
[Site "Montreal CAN"]
[Date "2013.07.27"]
[Round "8"]
[White "Thavandiran, Shiyam"]
[Black "Vera, Reynaldo"]
[Result "0-1"]
[WhiteElo "2338"]
[BlackElo "2462"]
[PlyCount "48"]
[GameId "2160767909305216"]
[EventDate "2013.07.21"]
[EventType "swiss"]
[EventRounds "9"]
[EventCountry "CAN"]
[SourceTitle "EXT 2014"]
[Source "ChessBase"]
[SourceDate "2013.11.20"]
[SourceVersion "1"]
[SourceVersionDate "2013.11.20"]
[SourceQuality "1"]

1. e4 c5 2. Nf3 d6 3. d4 cxd4 4. Qxd4 Nc6 5. Bb5 Bd7 6. Bxc6 Bxc6 7. Nc3 Nf6 8. Bg5 e6 9. O-O-O Be7 10. Rhe1 O-O 11. Kb1 h6 12. Bh4 Re8 13. Qd2 Rc8 14. Nd4 a6 15. Nb3 Qb6 16. f3 Rcd8 17. Bf2 Qc7 18. a4 d5 19. a5 dxe4 20. Bb6 Rxd2 21. Bxc7 Rxd1+ 22. Rxd1 exf3 23. gxf3 Bxf3 24. Rd3 Bc6 0-1

[Event "Quebec op"]
[Site "Montreal CAN"]
[Date "2013.07.28"]
[Round "9"]
[White "Perez Garcia, Rodney Oscar"]
[Black "Kiewra, Keaton F"]
[Result "1/2-1/2"]
[WhiteElo "2364"]
[BlackElo "2422"]
[PlyCount "84"]
[GameId "2160767909305218"]
[EventDate "2013.07.21"]
[EventType "swiss"]
[EventRounds "9"]
[EventCountry "CAN"]
[SourceTitle "EXT 2014"]
[Source "ChessBase"]
[SourceDate "2013.11.20"]
[SourceVersion "1"]
[SourceVersionDate "2013.11.20"]
[SourceQuality "1"]

1. e4 c5 2. Nf3 d6 3. d4 Nf6 4. Nc3 cxd4 5. Nxd4 g6 6. Be3 Bg7 7. Be2 Nc6 8. O-O O-O 9. Qd2 Nxd4 10. Bxd4 Be6 11. f3 Qa5 12. Rfd1 Rfc8 13. Kh1 Bc4 14. Bxf6 Bxf6 15. Nd5 Qxd2 16. Nxf6+ Kg7 17. Nh5+ Kh6 18. Rxd2 Kxh5 19. Kg1 Bxe2 20. Rxe2 Kg5 21. Kf2 Rc5 22. Rd1 Rac8 23. c3 R8c7 24. Rd4 Rb5 25. Ke3 f5 26. Kd3 Kf6 27. c4 Ra5 28. b3 b5 29. cxb5 Rxb5 30. Rd5 fxe4+ 31. fxe4 Rbc5 32. Rxc5 Rxc5 33. b4 Rc1 34. Kd4 e5+ 35. Kd3 Ke6 36. Rc2 Rd1+ 37. Ke3 Ra1 38. h4 h5 39. b5 Kd7 40. Rf2 Ke6 41. Rc2 Kd7 42. Rf2 Ke6 1/2-1/2

[Event "Quebec op"]
[Site "Montreal CAN"]
[Date "2013.07.28"]
[Round "9"]
[White "Sokolov, Ivan"]
[Black "Ostrovskiy, Aleksandr"]
[Result "1-0"]
[WhiteElo "2650"]
[BlackElo "2403"]
[PlyCount "129"]
[GameId "2160767909305219"]
[EventDate "2013.07.21"]
[EventType "swiss"]
[EventRounds "9"]
[EventCountry "CAN"]
[SourceTitle "EXT 2014"]
[Source "ChessBase"]
[SourceDate "2013.11.20"]
[SourceVersion "1"]
[SourceVersionDate "2013.11.20"]
[SourceQuality "1"]

1. d4 d5 2. c4 c6 3. Nc3 dxc4 4. e3 b5 5. a4 b4 6. Ne4 Qd5 7. Ng3 Nf6 8. Nf3 Ba6 9. Bd2 e6 10. Rc1 h5 11. Ne5 c3 12. bxc3 bxc3 13. Bxc3 Bxf1 14. Kxf1 Nbd7 15. Qc2 c5 16. e4 Qb7 17. Nxd7 Nxd7 18. h4 cxd4 19. Bxd4 e5 20. Be3 g6 21. Qc6 Qxc6 22. Rxc6 Bb4 23. Ke2 Ke7 24. Ra6 Bc5 25. Bxc5+ Nxc5 26. Ra5 Rhc8 27. Rb1 f6 28. f3 Rc7 29. Nf1 Ne6 30. Ne3 Kf7 31. Kf1 Rd8 32. Nd5 Rcd7 33. Rc1 Nf4 34. Nxf4 exf4 35. Kg1 Rd1+ 36. Rxd1 Rxd1+ 37. Kh2 Rd7 38. Ra6 Rc7 39. a5 Rb7 40. Rc6 Rd7 41. a6 Re7 42. g3 f5 43. exf5 gxf5 44. Rh6 Re6 45. Rh7+ Kg6 46. Rxa7 Re2+ 47. Kh3 Ra2 48. gxf4 Kh6 49. Ra8 Kg7 50. a7 Kh7 51. Rf8 Rxa7 52. Rxf5 Kh6 53. Rg5 Ra8 54. Kg3 Rb8 55. f5 Ra8 56. f6 Ra7 57. Rf5 Kg6 58. f7 Rxf7 59. Rxf7 Kxf7 60. Kf4 Kf6 61. Ke4 Ke6 62. f4 Kf6 63. f5 Kf7 64. Ke5 Ke7 65. f6+ 1-0

[Event "Quebec op"]
[Site "Montreal CAN"]
[Date "2013.07.28"]
[Round "9"]
[White "Vera, Reynaldo"]
[Black "Cheng, Bindi"]
[Result "0-1"]
[WhiteElo "2462"]
[BlackElo "2406"]
[PlyCount "74"]
[GameId "2160767909305220"]
[EventDate "2013.07.21"]
[EventType "swiss"]
[EventRounds "9"]
[EventCountry "CAN"]
[SourceTitle "EXT 2014"]
[Source "ChessBase"]
[SourceDate "2013.11.20"]
[SourceVersion "1"]
[SourceVersionDate "2013.11.20"]
[SourceQuality "1"]

1. d4 Nf6 2. Nf3 g6 3. c4 Bg7 4. Nc3 d5 5. cxd5 Nxd5 6. e4 Nxc3 7. bxc3 c5 8. Rb1 O-O 9. Be2 b6 10. O-O Bb7 11. Qd3 Qc7 12. Bg5 Nd7 13. Rbc1 Rac8 14. Bxe7 Rfe8 15. d5 c4 16. Qd2 Rxe7 17. d6 Bh6 18. Qd1 Qc6 19. dxe7 Bxc1 20. Qxc1 Qxe4 21. Re1 Qxe7 22. Bxc4 Qc5 23. Nd2 Ne5 24. Bf1 Ng4 25. Re2 Qc7 26. g3 Qc6 27. f3 Qc5+ 28. Kh1 Nf2+ 29. Kg2 Nd3 30. Qc2 Qf5 31. Kg1 Nf4 32. Re4 Ne6 33. Qd1 Bxe4 34. Nxe4 Rd8 35. Qe2 Ng5 36. Nxg5 Qxg5 37. Qc4 Qe3+ 0-1

[Event "Quebec op U1300"]
[Site "Montreal CAN"]
[Date "2012.07.25"]
[Round "6"]
[White "Novozhenin, Oleksandr"]
[Black "Zhang, Evan"]
[Result "0-1"]
[WhiteElo "1286"]
[BlackElo "1254"]
[PlyCount "84"]
[GameId "2160767909305222"]
[EventDate "2013.07.21"]
[EventType "swiss"]
[EventRounds "9"]
[EventCountry "CAN"]

1. e4 e5 2. Nf3 Nc6 3. Bc4 Nf6 4. Ng5 d5 5. exd5 Na5 6. Bb5+ c6 7. dxc6 bxc6 8. Be2 a6 9. Nf3 e4 10. Ng1 Bc5 11. d3 Qb6 12. dxe4 Nxe4 13. Nc3 Nxf2 14. Na4 Qb4+ 15. c3 Qh4 16. g3 Qf6 17. Qc2 Nxh1 18. Qe4+ Be6 19. Nxc5 Qf2+ 20. Kd2 O-O-O+ 21. Kc2 Bf5 22. Bd2 Qxc5 23. Bg4 Bxg4 24. Qxg4+ f5 25. Qxg7 Nf2 26. b4 Rxd2+ 27. Kxd2 Ne4+ 28. Kc2 Qf2+ 29. Kb1 Qxg1+ 30. Kb2 Qf2+ 31. Ka3 Nc4+ 32. Kb3 Ned2+ 33. Ka4 Nb6+ 34. Ka5 Ndc4+ 35. Kxa6 Nd7 36. Qxh8+ Kc7 37. Qd4 Qb2 38. Qa7+ Kd8 39. Qa8+ Kc7 40. Qa7+ Kc8 41. Qa8+ Nb8+ 42. Ka7 Qa3# 0-1

[Event "Quebec op U2000"]
[Site "Montreal CAN"]
[Date "2013.07.21"]
[Round "2"]
[White "Douyere, Nicolas"]
[Black "Libersan, Mattieu"]
[Result "0-1"]
[WhiteElo "1763"]
[BlackElo "1873"]
[PlyCount "76"]
[GameId "2160767909305225"]
[EventDate "2013.07.21"]
[EventType "swiss"]
[EventRounds "9"]
[EventCountry "CAN"]
[SourceTitle "hb 2013"]

1. d4 Nf6 2. c4 c6 3. Nc3 d5 4. e3 e6 5. Nf3 Nbd7 6. b3 Bb4 7. Bb2 Ne4 8. Qc2 Qa5 9. Rc1 Qxa2 10. Bd3 Bxc3+ 11. Bxc3 Qxc2 12. Rxc2 Nxc3 13. Rxc3 O-O 14. c5 f6 15. O-O e5 16. Be2 Re8 17. Ra1 Nf8 18. b4 Bg4 19. h3 Bxf3 20. Bxf3 exd4 21. exd4 Ne6 22. Rd3 a6 23. g3 Ng5 24. Kg2 Nxf3 25. Kxf3 Re4 26. Rad1 Rae8 27. Re3 Kf7 28. Rde1 Rxe3+ 29. Rxe3 Rxe3+ 30. fxe3 Ke6 31. h4 h5 32. g4 hxg4+ 33. Kxg4 g6 34. Kf4 Kf7 35. e4 dxe4 36. Kxe4 Ke6 37. d5+ cxd5+ 38. Kd4 f5 0-1

[Event "Quebec op U2000"]
[Site "Montreal CAN"]
[Date "2013.07.21"]
[Round "2"]
[White "Ostaci, Liviu"]
[Black "Munshi, Shawkat"]
[Result "1/2-1/2"]
[WhiteElo "1763"]
[BlackElo "1642"]
[PlyCount "70"]
[GameId "2160767909305226"]
[EventDate "2013.07.21"]
[EventType "swiss"]
[EventRounds "9"]
[EventCountry "CAN"]
[SourceTitle "hb 2013"]

1. d4 Nf6 2. Nf3 e6 3. g3 b6 4. Bg2 Bb7 5. O-O Be7 6. b3 O-O 7. Bb2 d5 8. Nbd2 c5 9. dxc5 bxc5 10. c4 Nbd7 11. Qc2 d4 12. Ne1 Qb6 13. Rb1 e5 14. Ba1 a5 15. h3 Bxg2 16. Nxg2 Qe6 17. Kh2 Bd6 18. e4 Nh5 19. Rbe1 g5 20. Bb2 Nb8 21. Qd1 Ng7 22. Qg4 f6 23. Qxe6+ Nxe6 24. g4 Nc6 25. Ra1 Rfb8 26. a4 Nb4 27. Ba3 Kf7 28. Bxb4 cxb4 29. f3 Nc5 30. Ne1 Rh8 31. Kg2 h5 32. Rh1 Rh6 33. Rb1 Rah8 34. Rb2 hxg4 35. fxg4 Ke7 1/2-1/2

[Event "Quebec op U2000"]
[Site "Montreal CAN"]
[Date "2013.07.23"]
[Round "4"]
[White "Shi, Ling Yun"]
[Black "Sarrazin-Gendron, Roman"]
[Result "0-1"]
[WhiteElo "1626"]
[BlackElo "1928"]
[PlyCount "96"]
[GameId "2160767909305229"]
[EventDate "2013.07.21"]
[EventType "swiss"]
[EventRounds "9"]
[EventCountry "CAN"]
[SourceTitle "EXT 2022"]
[Source "ChessBase"]
[SourceDate "2021.10.06"]
[SourceVersion "1"]
[SourceVersionDate "2021.10.06"]
[SourceQuality "1"]

1. e4 d6 2. d4 Nf6 3. Nc3 g6 4. Nf3 Bg7 5. h3 O-O 6. Be2 c6 7. O-O b5 8. Bd3 Bb7 9. Re1 b4 10. Ne2 Nfd7 11. Rb1 Qc7 12. c4 bxc3 13. Nxc3 c5 14. Be3 cxd4 15. Bxd4 Nc6 16. Bxg7 Kxg7 17. a3 Nc5 18. Bf1 Rab8 19. b4 Ne6 20. Nd5 Qd7 21. Qd2 Ne5 22. Qb2 f6 23. Nd4 Rfc8 24. Rbc1 Bxd5 25. exd5 Nf4 26. Rxc8 Rxc8 27. Bb5 Qb7 28. Bc6 Qb6 29. Re4 g5 30. Kh2 Kf7 31. Qc2 Nfg6 32. Qe2 h5 33. g3 g4 34. h4 a6 35. Kg2 Nxc6 36. dxc6 d5 37. Qa2 e6 38. Rxe6 Qxd4 39. Rd6 Qe4+ 40. Kh2 Ne7 41. Qb2 Qf5 42. Qd4 Rxc6 43. Rxc6 Nxc6 44. Qb6 Ne5 45. Kg2 Qf3+ 46. Kg1 Qd1+ 47. Kg2 Nf3 48. Qc7+ Kg6 0-1

[Event "Quebec op inv."]
[Site "Montreal CAN"]
[Date "2013.07.21"]
[Round "1.1"]
[White "Bruzon Batista, Lazaro"]
[Black "Adithya, B."]
[Result "1/2-1/2"]
[WhiteElo "2689"]
[BlackElo "2301"]
[PlyCount "126"]
[GameId "2160767909305235"]
[EventDate "2013.07.21"]
[EventType "swiss"]
[EventRounds "9"]
[EventCountry "CAN"]

1. e4 e5 2. Nf3 Nc6 3. Bb5 a6 4. Ba4 Nf6 5. O-O Be7 6. d3 d6 7. c3 O-O 8. Re1 Re8 9. Nbd2 Bf8 10. Nf1 b5 11. Bb3 Na5 12. Bc2 c5 13. Bg5 h6 14. Bh4 Be7 15. a4 b4 16. cxb4 cxb4 17. d4 Bg4 18. Ne3 b3 19. Bd3 exd4 20. Nxg4 Nxg4 21. Bxe7 Qxe7 22. Rc1 Qa7 23. Qd2 Ne5 24. Bf1 Nxf3+ 25. gxf3 Qb6 26. Red1 Nc6 27. a5 Nxa5 28. Qxd4 Qxd4 29. Rxd4 Rec8 30. Ra1 Nb7 31. Rd3 Nc5 32. Rc3 a5 33. e5 Rcb8 34. exd6 Ne6 35. Ra4 Rd8 36. Rc6 Rd7 37. Bc4 Nd4 38. Bxf7+ Kxf7 39. Rxd4 a4 40. Rb6 Ke6 41. f4 Raa7 42. Kg2 g6 43. Kf3 a3 44. bxa3 Rxa3 45. Kg2 Kf5 46. h3 Kf6 47. Rd3 Ra1 48. h4 Rb1 49. Rd2 Kf5 50. Rb5+ Ke6 51. h5 Kf6 52. hxg6 Kxg6 53. Rd3 b2 54. f5+ Kf7 55. Rd2 Kf6 56. Rbxb2 Rxb2 57. Rxb2 Kxf5 58. Rd2 Ke6 59. Kg3 Rxd6 60. Rxd6+ Kxd6 61. Kh4 Ke5 62. Kh5 Kf4 63. Kxh6 Kf3 1/2-1/2

[Event "Quebec op inv."]
[Site "Montreal CAN"]
[Date "2013.07.21"]
[Round "1.3"]
[White "Rozentalis, Eduardas"]
[Black "Rodriguez, Eric"]
[Result "1/2-1/2"]
[WhiteElo "2619"]
[BlackElo "2290"]
[PlyCount "98"]
[GameId "2160767909305236"]
[EventDate "2013.07.21"]
[EventType "swiss"]
[EventRounds "9"]
[EventCountry "CAN"]

1. e4 e5 2. Nf3 Nc6 3. Bb5 a6 4. Bxc6 dxc6 5. d3 f6 6. Be3 Bg4 7. Nbd2 Qd7 8. h3 Be6 9. d4 exd4 10. Nxd4 Bf7 11. Qe2 c5 12. N4f3 O-O-O 13. O-O Qc6 14. c3 Ne7 15. b4 Ng6 16. bxc5 Bxc5 17. Nd4 Qa4 18. Nf5 Bf8 19. f4 Ne7 20. Nd4 Nc6 21. Rfb1 Na5 22. e5 fxe5 23. fxe5 Bd5 24. Rf1 Ba3 25. N4b3 Rhe8 26. Rf4 Qc6 27. c4 Nxb3 28. axb3 Bxg2 29. Qg4+ Kb8 30. Qxg2 Bc5 31. Bxc5 Qxc5+ 32. Qf2 Qxe5 33. Rf1 Qh5 34. Nf3 Qxh3 35. Qh2 Qe6 36. Kh1 h6 37. Ng1 Rd7 38. Qg3 g5 39. Rf8 Qe4+ 40. Qg2 Qh4+ 41. Qh2 Qe4+ 42. Qg2 Qh4+ 43. Qh2 Qxh2+ 44. Kxh2 Rxf8 45. Rxf8+ Ka7 46. Nf3 Rd3 47. b4 Rb3 48. Rf7 Rxb4 49. Rxc7 Kb8 1/2-1/2